000 00222nam a22001097a 4500
040 _cSK
082 _a638
100 _aTE KUYHOR
245 _aការចិញ្ចឹមឃុំ
260 _aRUA
_bTE
_cNA
942 _cKB
999 _c9579
_d9579